000 00717 a2200229 4500
005 20260317073350.0
020 _a9781776320424
050 _aHF5629
_bETH 2021
100 _aLubbe,llse
_eeditor
245 _aEthics for Accounting Professionals :
_bA case Study Approach /
_cllse Lubbe
264 _aCape Town :
_bLexisNexis,
_c2021
300 _a264 pages
_billustrations
336 _2rdacontent
_atext
_btxt
337 _2rdamedia
_aunmediated
_bn
338 _2rdacarrier
_avolume
_bnc
500 _aincludes table of contents
650 _aAccountants
_xProfessional Ethics
700 _aLubbe llse
_eeditor
700 _aPlant Kato
_eeditor
700 _aJaffer Faeeza
_eeditor
942 _2lcc
_cBK
_h5629
_iETH
_kHF
999 _c11724
_d11724